01027 2200301 4500001002100000005001500021035002000036008004100056100001700097245010800114300003700222020002200259082001300281084002200294250001500316264003600331336002100367337003000388338002300418490002200441520010400463650004200567700003700609700002900646990001800675990001600693990001600709INLIS00000000001757620240827012721 a0010-0619017576240827 a 1 ind  aIrfan Amalee1 aAku Belajar Membuang Sampah /cIrfan Amalee; penyunting, Ana Puspita Dewiyana; ilustrator, Ade Prihatna a28 halaman :bilustrasi ;c18 cm a978-979-26-9360-7 a899.2213 aSR 899.2213 IRF a aCetakan 12 aBandung :bPelangi Mizan,c2022 2rdacontentaTeks 2rdamediaaTanpa perantara 2rdacarrieraVolume aHalo balita value abuku ini berisi tentang bagaimana orang tua mendidik agar anak dapat membuang sampah pada tempatnya 4aFiksi Indonesia -- Bacaan kanak-kanak0 aAna Puspita Dewiyanaepenyunting0 aAde Prihatnaeilustrator a022235.036402 a53238.66058 a53239.66059